| 000 | 00602nam a2200205Ia 4500 | ||
|---|---|---|---|
| 003 | GCL | ||
| 008 | 140319s9999 xx 000 0 ara d | ||
| 040 |
_aGCL / _cGCL |
||
| 082 | 0 | 4 |
_a973 _bت خ |
| 100 | 1 | _aسيد كريم | |
| 245 | 1 | 0 |
_aخط السماء فى امريكا شكل المدن والبلدان وتطورها / _cسيد كريم |
| 700 | 1 | _aتنارد كرستوفر | |
| 700 | 1 | _aريد هنرى هوب | |
| 700 | 1 | _aمحمد حماد (مترجم) | |
| 260 |
_a[S.N] : _bلا يوجد ، _c1963 |
||
| 300 | _a311 ص | ||
| 490 | _a | ||
| 650 | 0 | 4 | _aتاريخ |
| 942 |
_2ddc _cBK |
||
| 999 |
_c35332 _d35332 |
||